=LDR 00000nam 2200000 4500 =001 INLIS000000000035632 =005 20130612141456 =008 ***********************************Ind** =035 ##$$0010-061300000035632 =041 ##$$a Ind =082 ##$$a 658.4 =090 ##$$a 658.4 , kep K =100 ##$$a Dann Suganda =245 ##$$a Kepemimpinan di dalam administrasi =260 ##$$b Bandung =300 ##$$a 156 hlm , ilus, 22 cm =850 ##$$a NBPNMAT